Qué es la vida ?: el aspecto físico de la célula viva

Saved in:
Bibliografiske detaljer
Hovedforfatter: Schrödinger, Erwin (Author)
Format: Bog
Sprog:spansk
Udgivet: Barcelona Tusquets 1984
Udgivelse:2a. ed
Serier:Cuadernos Infimos, 107
Fag:
Tags: Tilføj Tag
Ingen Tags, Vær først til at tagge denne postø!

MARC

LEADER 00000nam a2200000 a 4500
001 UCV7511
003 CL-VaPUC
008 880607e19840000SP |||||||||||||||||spa|d
082 0 4 |a 501  |b SCH  |2 21 
100 0 |a Schrödinger, Erwin  |e author  |9 301636 
245 1 0 |a Qué es la vida ?: el aspecto físico de la célula viva 
250 |a 2a. ed 
300 |a 139 p 
942 |c BK 
945 |d 19880607 00:00:00 
260 |a Barcelona  |b Tusquets  |c 1984 
650 0 |a Filosofía de las ciencias  |9 256466 
583 |a last modification  |c 20180314 14:48:50  |k Rodrigo Vera 
490 0 |a Cuadernos Infimos, 107 
999 |c 213172  |d 213170 
952 |0 0  |1 0  |4 0  |6 501_000000000000000_SCH_1984  |7 0  |8 P  |9 195262  |a BIBARQ  |b BIBARQ  |d 2019-11-14  |i 2633523  |l 2  |o 501 SCH 1984  |p 2633523  |r 2025-03-11  |s 2025-01-21  |w 2019-11-14  |y BK  |k ARQ 
952 |0 0  |1 2  |4 0  |6 501_000000000000000_SCH_1984  |7 0  |8 A  |9 195263  |a BIBTEO  |b BIBTEO  |d 2019-11-14  |i 2633531  |o 501 SCH 1984  |p 2633531  |r 2019-11-14  |w 2019-11-14  |y BK  |k ICR 
952 |0 0  |1 0  |4 0  |6 501_000000000000000_SCH_1984  |7 0  |8 A  |9 195264  |a BIBEDU  |b BIBEDU  |d 2019-11-14  |i 3140962  |o 501 SCH 1984  |p 3140962  |r 2019-11-14  |w 2019-11-14  |y BK  |k FIL 
952 |0 0  |1 0  |4 0  |6 501_000000000000000_SCH_1984  |7 0  |8 A  |9 195265  |a BIBEDU  |b BIBEDU  |d 2019-11-14  |i 158619K  |o 501 SCH 1984  |p 158619K  |r 2019-11-14  |w 2019-11-14  |y BK  |k FIL